| 000 -LEADER |
| fixed length control field |
02959nam a2200265Ia 4500 |
| 001 - CONTROL NUMBER |
| control field |
18612 |
| 003 - CONTROL NUMBER IDENTIFIER |
| control field |
GE_BSU |
| 008 - FIXED-LENGTH DATA ELEMENTS--GENERAL INFORMATION |
| fixed length control field |
181216s||||||||xx |||||||||||||| ||und|| |
| 020 ## - INTERNATIONAL STANDARD BOOK NUMBER |
| International Standard Book Number |
ISBN: 9789941946561 |
| 040 ## - CATALOGING SOURCE |
| Transcribing agency |
GE_BSU |
| 080 ## - UNIVERSAL DECIMAL CLASSIFICATION NUMBER |
| Universal Decimal Classification number |
811.512.16 |
| 100 ## - MAIN ENTRY--PERSONAL NAME |
| Personal name |
გურგენიძე,ნუნუ. |
| 245 ## - TITLE STATEMENT |
| Title |
დიალექტოლოგიური ძიებანი : თურქულ-ქართულ დიალექტთა ურთიერთმიმართების საკითხები = Aǧiz araştirmalari = Dialectological Studies |
| 245 ## - TITLE STATEMENT |
| Statement of responsibility, etc. |
რედაქტორი:ჯიქია,მარიკა |
| 250 ## - EDITION STATEMENT |
| Edition statement |
თბილისის ილიას სახელობის სახელმწიფო უნივერსიტეტი ; აკად.გ. წერეთლის სახელობის აღმოსავლეთმცოდნეობის ინსტიტუტი. |
| 260 ## - PUBLICATION, DISTRIBUTION, ETC. |
| Place of publication, distribution, etc. |
თბილისი |
| 260 ## - PUBLICATION, DISTRIBUTION, ETC. |
| Name of publisher, distributor, etc. |
ქართული აკადემიური წიგნი |
| 260 ## - PUBLICATION, DISTRIBUTION, ETC. |
| Date of publication, distribution, etc. |
2016 |
| 300 ## - PHYSICAL DESCRIPTION |
| Extent |
192 გვ.24სმ. |
| 653 ## - INDEX TERM--UNCONTROLLED |
| Uncontrolled term |
აღმოსავლური წარმოშობის ლექსიკის სტრუქტურისა და ისტორიისათვის ქართულ დიალექტებში -- ნასესხებ სიტყვათა ფონეტიკურ-ფონოლოგიური ცვლილებანი -- ლექსიკა -- მორფოლოგია -- თურქულ-ქართულ დიალექტთა ურთიერთმიმართების საკითხები |
| 653 ## - INDEX TERM--UNCONTROLLED |
| Uncontrolled term |
დიალექტებში -- მსაზღვრელ-საზღვრულის სინტაგმისათვის ნასესხებ მიკროჰიდრონიმებში -- ქართველიზმები ჩრდილო-აღმოსავლეთ ანატოლიის თურქულ დიალექტებში -- გამოყენებული ლიტერატურა -- სახელთა საძიებელი. ძიება თემის მიხედვით |
| 653 ## - INDEX TERM--UNCONTROLLED |
| Uncontrolled term |
ენათმეცნიერება. დიალექტოლოგია. |
| 653 ## - INDEX TERM--UNCONTROLLED |
| Uncontrolled term |
თურქულიდან ნასესხებ პატრონიმთა სტრუქტურისა და სემანტიკისათვის ქართულში -- აღმოსავლური წარმოშობის ლექსიკური ელემენტები საქართველოს მთის(ფშავი, მთიულური, თიანური, გუდამაყრული, თუშური) |
| 942 ## - ADDED ENTRY ELEMENTS (KOHA) |
| Koha item type |
წიგნი |